| 000 | 00976nac a22002771u 4500 | ||
|---|---|---|---|
| 003 | EG-ScBUE | ||
| 005 | 20220329101338.0 | ||
| 008 | 121031s1995 ua f b 001 0 ara d | ||
| 017 | _a95 / 5143 | ||
| 020 | _a9770513679 | ||
| 040 |
_aEG-ScBUE _bara _erda _cEG-ScBUE _dEG-ScBUE |
||
| 082 | 0 | 4 |
_a893.1 _bع ا م _222 |
| 100 | 1 |
_aعامر، عطية، _eمؤلف. _931238 |
|
| 245 | 1 | 2 |
_aالأدب الفرعوني / _cالدكتور عطية عامر. |
| 264 | 1 |
_aالقاهرة : _bمكتبة الأنجلو، _c1995. |
|
| 300 |
_a398 صفحة : _bإيضاحيات ؛ _c24 سم |
||
| 336 |
_2rdacontent _aنص _btxt |
||
| 337 |
_2rdamedia _aبدون وسيط _bn |
||
| 338 |
_2rdacarrier _aمجلد _bnc |
||
| 504 | _aيشتمل على ارجاعات ببليوجرافية وكشاف. | ||
| 650 | 7 |
_aالأدب المصري القديم. _931239 _2BUEsh |
|
| 651 | _2BUEsh | ||
| 653 |
_bGGEN _cMarch2022 |
||
| 655 |
_vReading book _934232 |
||
| 942 |
_cBB _k893.1 ع ا م _2ddc |
||
| 999 |
_c8079 _d8079 |
||